00610nam a2200157 a 450000100100000000500170001000800410002704000130006808200150008110000370009624501390013326000380027230000280031050000630033850400510040100000673920200929154003.0090902s1992 dr a 000 0 spa d aDO-SdBNP axxxbA657m1 aAquino Nicolas, Andres S.d1946-13aEl monopolio en el transporte de carga en la República Dominicana :bsus orígenes, sus repercusione /cAndrés S. Aquino Nicolas. aSanto Domingo :bProgreso,c1992. a195 p. :bil. ;c22 cm. aIncluye datos biográficos del autor en la contracubierta aIncluye referencias bibliográficas (p. 195-)